000 01175 a2200265 4500
001 10916
005 20260407155440.0
008 260407a2007 arg spa d
003 AR-UNSa-BCEJYS
040 _aAR-UNSa-BCEJYS
_bspa
_cAR-UNSa-BCEJYS
080 _a167
_xInvestigación científica
245 1 0 _aMetodología de las ciencias sociales
020 _a978-950-786-134-5
264 1 _aBuenos Aires :
_bBiblos
_c2007
300 _a214 p.
_c22 cm.
505 _a1. Las condiciones de posibilidad de la filosofía de la ciencia - 2. Las estructuras lógicas y el lenguaje - 3. Ciencias Fácticas - 4. Tecnologías de las Ciencias naturales y sociales - 5. Corrientes epistemológicas contemporáneas - 6. Problemas específicos en ciencias económico- sociales - 7. Las dimensiones éticas de la ciencia.
942 _cBK
590 _aniveau_biblio:m niveau_hierar:0
100 1 _aDíaz, Esther
700 1 _aLuque, Susana de
700 1 _aMoralejo, Enrique
700 1 _aPardo, Rubén H.
700 1 _aRivera, Silvia
856 4 1 _uhttps://biblioeco.unsa.edu.ar/pmb/images/libros/Metodologia de la ciencias sociales2-l118876.jpg
_yImagen de portada
_qimage/jpeg
999 _c482
_d482